000 00506nam a2200169Ia 4500
008 210716s2009 xx 000 0 und d
020 _a9780761935865
041 _aeng
082 _a658.162 KRIC
100 _aKrishnamurti, Chandrashekar;Vishwanath S R.
245 _aMergers, acquisitions and corporate restructuring.
250 _a1
260 _aNew Delhi
_bResponse Books
_c2009
300 _axviii,412
650 _aMergers & Acqusitions
700 _aKrishnamurti, Chandrashekar;Vishwanath S R.
999 _c205943
_d205943